000 01328nam a2200229Ia 4500
003 Ost
005 20260507074957.0
008 260507s9999||||xx |||||||||||||| ||und||
040 _cfsecg
041 _aara
082 _a330.15
100 _aالعطية، عبد الحسين وادي
_eمؤلف
245 0 _aالاقتصاديات النامية أزمات وحلول /
_c عبد الحسين وادي العطية
260 _aعمان:
_bدار الشروق للنشر والتوزيع,
_c2001
300 _a280 صفحة؛
_bإيضاحات ؛
_c24 سم
504 _aببليوغرافيا:ص.233-234؛ الملاحق:ص.235-280
520 _aالنظام الاقتصادي العالمي الجديد وملامح الفكر الاقتصادي المعاصر،الخصخصة في البلدان النامية:إيجابياتها وسلبياتها،العولمة والآثار السلبية لها،الشراكة العادلة بين البلدان المتقدمة والبلدان النامية كحل ممكن لصالح الطرفين،مقترح استراتيجي لتحقيق التنمية الاقتصادية في البلدان النامية
653 _aالاقتصاد التحليلي
653 _aالتنمية الاقتصادية
653 _aالعولمة
942 _cكتاب
999 _c42035
_d42035